000 00646nam a2200229Ia 4500
003 OSt
005 20220928135455.0
006 a|||||r|||| 00| 0
007 ta
008 220927b |||||||| |||| 00| 0 eng d
024 _a2415
037 _cTextual
040 _aSDCL
_cSDCL
_beng
041 _2eng
_aeng
082 _aO-,1(Y15):g, L9
100 _aGilbert Sandra M Ed.
_9490881
245 0 _aShakespeare's sisters
_b Feminist essays on women poets
260 _c1979
700 _a Gubar Susan Ed.
_9490882
942 _hO-,1(Y15):g, L9
_cTEXL
_2CC
999 _c806226
_d806226